Thyajyarahitha uthpadhane thathvagalu mattu nirvahane (Record no. 194481)

000 -LEADER
fixed length control field 00453nam a22001577a 4500
005 - DATE AND TIME OF LATEST TRANSACTION
control field 20230705161654.0
008 - FIXED-LENGTH DATA ELEMENTS--GENERAL INFORMATION
fixed length control field 230705b ||||| |||| 00| 0 eng d
040 ## - CATALOGING SOURCE
Transcribing agency AACR2
082 ## - DEWEY DECIMAL CLASSIFICATION NUMBER
Classification number 628.44 SKA
100 ## - MAIN ENTRY--PERSONAL NAME
Personal name Skanda, M.G and Ramesh, V
9 (RLIN) 14529
245 ## - TITLE STATEMENT
Title Thyajyarahitha uthpadhane thathvagalu mattu nirvahane
260 ## - PUBLICATION, DISTRIBUTION, ETC.
Place of publication, distribution, etc. Belagavi
Name of publisher, distributor, etc. Prasaranga
Date of publication, distribution, etc. 2021
300 ## - PHYSICAL DESCRIPTION
Extent 68p.
650 ## - SUBJECT ADDED ENTRY--TOPICAL TERM
Topical term or geographic name entry element Janapriya tantrika sikshana male
9 (RLIN) 14527
942 ## - ADDED ENTRY ELEMENTS (KOHA)
Source of classification or shelving scheme
Koha item type Books
Holdings
Withdrawn status Lost status Source of classification or shelving scheme Damaged status Not for loan Collection code Home library Current library Shelving location Date acquired Total Checkouts Full call number Barcode Date last seen Price effective from Koha item type
          Mechanical Engineering Central Library Central Library Book Cart 07/05/2023   628.44 SKA 25612 07/05/2023 07/05/2023 Books
          Mechanical Engineering Central Library Central Library Book Cart 07/05/2023   628.44 SKA 25613 07/05/2023 07/05/2023 Books
          Mechanical Engineering Central Library Central Library Book Cart 07/05/2023   628.44 SKA 25614 07/05/2023 07/05/2023 Books
          Mechanical Engineering Central Library Central Library Book Cart 07/05/2023   628.44 SKA 25615 07/05/2023 07/05/2023 Books

Powered by Koha